000 01225cab a22002055a 4500
001 L152422
008 110307e2011 xxk 000 0 eng d
035 _a(Sirsi) u152422
041 0 _aeng
110 2 _aEuroProperty
_91216
245 0 0 _aIs the payoff worth the risk?
260 _c2011
490 0 _aEuroProperty
_v 21 February 2011, 6-7(2)
520 _aA recent Urban Land Institute (ULI) study "Have property funds performed?" challenges real estate's investment performance position sitting between bonds (lower risk/return) and equities (higher risk /return) and investors are increasingly asking why they should invest in real estate. The ULI study found generally that core funds had higher level of risk than anticipated and had not tracked the direct property index as closely as expected. Opportunity funds on the other hand have delivered higher returns mainly by taking risk.
590 _aKA
651 4 _aEurope
690 _aPROPERTY-COMMERCIAL PROPERTY-COMMERCIAL PROPERTY FINANCE AND INVESTMENT
856 4 0 _uhttps://www.uli.org/LearnAboutULI/WhereWeAre/~/media/Documents/LearnAboutULI/WhereWeAre/Europe/funds%20release.ashx
_zView the ULI report free of charge (PDF) at www.uli.org
942 _n0
999 _c82960
_d82960